Investments / (Record no. 31021)

MARC details
000 -LEADER
fixed length control field 01129nam a22003377a 4500
005 - DATE AND TIME OF LATEST TRANSACTION
control field 20181022144559.0
010 ## - LCCN (DPL NO)
LC control number ENG-95185 B-710615
020 ## - INTERNATIONAL STANDARD BOOK NUMBER
International Standard Book Number 9780070151574
Terms of availability 510.00
020 ## - INTERNATIONAL STANDARD BOOK NUMBER
International Standard Book Number 0070151571
Terms of availability 510.00
035 ## - SYSTEM CONTROL NUMBER
System control number EN-78718
035 ## - SYSTEM CONTROL NUMBER
System control number B-710615
037 ## - SOURCE OF ACQUISITION
Source of stock number/acquisition Tata Mc Graw Hill
082 ## - DEWEY DECIMAL CLASSIFICATION NUMBER
Classification number 332.632
100 ## - MAIN ENTRY--PERSONAL NAME
Personal name Bodie, Zvi
245 ## - TITLE STATEMENT
Title Investments /
Statement of responsibility, etc Zvi Bodie ... [et al.].
250 ## - EDITION STATEMENT
Edition statement 8th ed.
260 ## - PUBLICATION, DISTRIBUTION, ETC. (IMPRINT)
Place of publication, distribution, etc New Delhi
Name of publisher, distributor, etc Tata McGraw-Hill Education
Date of publication, distribution, etc 2009
270 ## - ADDRESS
Address 7 West Patel Nagar
City New Delhi
Postal code 110008
300 ## - PHYSICAL DESCRIPTION
Extent xxxi, 1083 p.
Other physical details ill.
Dimensions 24 cm.
500 ## - GENERAL NOTE
General note Rev. ed. of: Investments / Zvi Bodie. 2nd ed. c1993.
504 ## - BIBLIOGRAPHY, ETC. NOTE
Bibliography, etc Includes bibliographical references and indexes.
650 ## - SUBJECT ADDED ENTRY--TOPICAL TERM
Topical term or geographic name as entry element Investments.
650 ## - SUBJECT ADDED ENTRY--TOPICAL TERM
Topical term or geographic name as entry element Portfolio management.
700 ## - ADDED ENTRY--PERSONAL NAME
Personal name Bodie, Zvi.
700 ## - ADDED ENTRY--PERSONAL NAME
Personal name Kane, Alex
700 ## - ADDED ENTRY--PERSONAL NAME
Personal name Marcus, Alan J
700 ## - ADDED ENTRY--PERSONAL NAME
Personal name Mohanty, Pitabas
942 ## - ADDED ENTRY ELEMENTS (KOHA)
Source of classification or shelving scheme Dewey Decimal Classification
Item type English Books
Call number suffix BOD
Classification part 332.632
Holdings
Withdrawn status Lost status Not for loan Collection code Home library Current library Date acquired Source of acquisition Cost, normal purchase price Full call number Barcode Copy number Cost, replacement price Koha item type
      Non-fiction Ashok Vihar Ashok Vihar 22/10/2018 Gift/16-10-2018 599.00 332.632 BOD B-710615 1 599.00 English Books
    Not For Loan Non-fiction D.B.Act.Division D.B.Act.Division 23/10/2009 DBAD / PUB 510.00 332.632 INV EN-78718 1 510.00 English Books

© Delhi Public Library
Hit Counter
free hit counter